000 01130nam a2200289 a 4500
001 ebr10728422
003 CaPaEBR
006 m o u
007 cr cn|||||||||
008 130716s2013 enka s 000 0 eng d
020 _z9781849694483
020 _z9781849694490 (e-book)
040 _aCaPaEBR
_cCaPaEBR
035 _a(OCoLC)854569127
050 1 4 _aQA76.9.A25
_bR36 2013eb
100 1 _aRanganath, Karthik.
245 1 0 _aInstant Metasploit starter
_h[electronic resource] /
_cKarthik Ranganath.
260 _aBirmingham :
_bPackt Pub.,
_c2013.
300 _a37 p. :
_bcol. ill.
500 _a"The art of ethical hacking made easy with Metasploit."
533 _aElectronic reproduction.
_bPalo Alto, Calif. :
_cebrary,
_d2013.
_nAvailable via World Wide Web.
_nAccess may be limited to ebrary affiliated libraries.
630 0 0 _aMetasploit (Electronic resource)
650 0 _aComputers
_xAccess control.
655 7 _aElectronic books.
_2local
710 2 _aebrary, Inc.
856 4 0 _uhttp://site.ebrary.com/lib/rucke/Doc?id=10728422
_zAn electronic book accessible through the World Wide Web; click to view
999 _c151409
_d151409